<?xml version="1.0" encoding="UTF-8"?>
<record
    xmlns:xsi="http://www.w3.org/2001/XMLSchema-instance"
    xsi:schemaLocation="http://www.loc.gov/MARC21/slim http://www.loc.gov/standards/marcxml/schema/MARC21slim.xsd"
    xmlns="http://www.loc.gov/MARC21/slim">

  <leader>01354    a2200277   4500</leader>
  <controlfield tag="003">NALT</controlfield>
  <controlfield tag="005">20250624095956.0</controlfield>
  <controlfield tag="008">190611b        th ||||| |||| 00| 0 tha d</controlfield>
  <datafield tag="020" ind1=" " ind2=" ">
    <subfield code="a">9786164810044</subfield>
  </datafield>
  <datafield tag="040" ind1=" " ind2=" ">
    <subfield code="a">NALT</subfield>
  </datafield>
  <datafield tag="041" ind1="1" ind2=" ">
    <subfield code="a">tha</subfield>
    <subfield code="h">eng</subfield>
  </datafield>
  <datafield tag="050" ind1=" " ind2=" ">
    <subfield code="a">HB 501</subfield>
    <subfield code="b">&#xE2E;371&#xE04; 2562</subfield>
  </datafield>
  <datafield tag="100" ind1="1" ind2=" ">
    <subfield code="a">&#xE2E;&#xE32;&#xE23;&#xE4C;&#xE27;&#xE35;, &#xE40;&#xE14;&#xE27;&#xE34;&#xE14;</subfield>
    <subfield code="9">39643</subfield>
  </datafield>
  <datafield tag="245" ind1="1" ind2="0">
    <subfield code="a">&#xE04;&#xE27;&#xE32;&#xE21;&#xE02;&#xE31;&#xE14;&#xE41;&#xE22;&#xE49;&#xE07;&#xE2A;&#xE34;&#xE1A;&#xE40;&#xE08;&#xE47;&#xE14;&#xE1B;&#xE23;&#xE30;&#xE01;&#xE32;&#xE23;&#xE01;&#xE31;&#xE1A;&#xE08;&#xE38;&#xE14;&#xE08;&#xE1A;&#xE02;&#xE2D;&#xE07;&#xE23;&#xE30;&#xE1A;&#xE1A;&#xE17;&#xE38;&#xE19;&#xE19;&#xE34;&#xE22;&#xE21; =</subfield>
    <subfield code="b">Seventeen contradictions and the end of capitalism / </subfield>
    <subfield code="c">&#xE40;&#xE14;&#xE27;&#xE34;&#xE14; &#xE2E;&#xE32;&#xE23;&#xE4C;&#xE27;&#xE35; &#xE40;&#xE02;&#xE35;&#xE22;&#xE19; ; &#xE20;&#xE31;&#xE04;&#xE27;&#xE14;&#xE35; &#xE27;&#xE35;&#xE23;&#xE30;&#xE20;&#xE32;&#xE2A;&#xE1E;&#xE07;&#xE29;&#xE4C; &#xE41;&#xE1B;&#xE25; : &#xE19;&#xE20;&#xE19;&#xE15;&#xE4C; &#xE20;&#xE38;&#xE21;&#xE21;&#xE32; &#xE1A;&#xE23;&#xE23;&#xE13;&#xE32;&#xE18;&#xE34;&#xE01;&#xE32;&#xE23;.</subfield>
  </datafield>
  <datafield tag="250" ind1=" " ind2=" ">
    <subfield code="a">&#xE1E;&#xE34;&#xE21;&#xE1E;&#xE4C;&#xE04;&#xE23;&#xE31;&#xE49;&#xE07;&#xE17;&#xE35;&#xE48; 1</subfield>
  </datafield>
  <datafield tag="260" ind1=" " ind2=" ">
    <subfield code="a">&#xE01;&#xE23;&#xE38;&#xE07;&#xE40;&#xE17;&#xE1E;&#xE2F; :</subfield>
    <subfield code="b">&#xE2A;&#xE27;&#xE19;&#xE40;&#xE07;&#xE34;&#xE19;&#xE21;&#xE35;&#xE21;&#xE32;,</subfield>
    <subfield code="c">2562.</subfield>
  </datafield>
  <datafield tag="300" ind1=" " ind2=" ">
    <subfield code="a">487 &#xE2B;&#xE19;&#xE49;&#xE32; ;</subfield>
    <subfield code="c">21 &#xE0B;&#xE21;.</subfield>
  </datafield>
  <datafield tag="650" ind1=" " ind2="4">
    <subfield code="a">&#xE17;&#xE38;&#xE19;&#xE19;&#xE34;&#xE22;&#xE21;</subfield>
    <subfield code="9">5470</subfield>
  </datafield>
  <datafield tag="650" ind1=" " ind2="4">
    <subfield code="a">&#xE27;&#xE34;&#xE01;&#xE24;&#xE15;&#xE01;&#xE32;&#xE23;&#xE13;&#xE4C;&#xE01;&#xE32;&#xE23;&#xE40;&#xE07;&#xE34;&#xE19;</subfield>
    <subfield code="9">25276</subfield>
  </datafield>
  <datafield tag="700" ind1="1" ind2=" ">
    <subfield code="9">40280</subfield>
    <subfield code="a">Harvey, David</subfield>
  </datafield>
  <datafield tag="700" ind1="0" ind2=" ">
    <subfield code="a">&#xE20;&#xE31;&#xE04;&#xE27;&#xE14;&#xE35; &#xE27;&#xE35;&#xE23;&#xE30;&#xE20;&#xE32;&#xE2A;&#xE1E;&#xE07;&#xE29;&#xE4C;</subfield>
    <subfield code="9">22913</subfield>
  </datafield>
  <datafield tag="700" ind1="0" ind2=" ">
    <subfield code="9">40281</subfield>
    <subfield code="a">&#xE19;&#xE20;&#xE19;&#xE15;&#xE4C; &#xE20;&#xE38;&#xE21;&#xE21;&#xE32; </subfield>
  </datafield>
  <datafield tag="850" ind1=" " ind2=" ">
    <subfield code="a">NALT</subfield>
  </datafield>
  <datafield tag="942" ind1=" " ind2=" ">
    <subfield code="2">lcc</subfield>
    <subfield code="c">GB</subfield>
  </datafield>
  <datafield tag="998" ind1=" " ind2=" ">
    <subfield code="a">phon</subfield>
    <subfield code="b">phon</subfield>
    <subfield code="c">phon</subfield>
    <subfield code="j">104</subfield>
    <subfield code="k"> &#xE19;&#xE32;&#xE07;&#xE2A;&#xE32;&#xE27;&#xE2A;&#xE32;&#xE22;&#xE1D;&#xE19;  &#xE14;&#xE35;&#xE07;&#xE32;&#xE21;</subfield>
  </datafield>
  <datafield tag="999" ind1=" " ind2=" ">
    <subfield code="c">96056</subfield>
    <subfield code="d">96056</subfield>
  </datafield>
  <datafield tag="952" ind1=" " ind2=" ">
    <subfield code="0">0</subfield>
    <subfield code="1">0</subfield>
    <subfield code="2">lcc</subfield>
    <subfield code="4">0</subfield>
    <subfield code="7">0</subfield>
    <subfield code="8">CGBL</subfield>
    <subfield code="a">NALT</subfield>
    <subfield code="b">NALT</subfield>
    <subfield code="c">GEN</subfield>
    <subfield code="d">2019-06-07</subfield>
    <subfield code="e">1</subfield>
    <subfield code="l">5</subfield>
    <subfield code="m">3</subfield>
    <subfield code="o">HB 501 &#xE2E;371&#xE04; 2562</subfield>
    <subfield code="p">3961209384</subfield>
    <subfield code="r">2023-07-24 00:00:00</subfield>
    <subfield code="s">2023-07-20</subfield>
    <subfield code="w">2019-06-07</subfield>
    <subfield code="y">GB</subfield>
  </datafield>
  <datafield tag="952" ind1=" " ind2=" ">
    <subfield code="0">0</subfield>
    <subfield code="1">0</subfield>
    <subfield code="2">lcc</subfield>
    <subfield code="4">0</subfield>
    <subfield code="7">0</subfield>
    <subfield code="8">CSEN</subfield>
    <subfield code="a">NALT</subfield>
    <subfield code="b">NALT</subfield>
    <subfield code="c">GEN</subfield>
    <subfield code="d">2022-02-25</subfield>
    <subfield code="o">HB 501 &#xE2E;371&#xE04; 2562</subfield>
    <subfield code="p">0100010615001</subfield>
    <subfield code="r">2024-02-29 00:00:00</subfield>
    <subfield code="w">2022-02-25</subfield>
    <subfield code="y">GB</subfield>
  </datafield>
</record>
